| 000 | 01575nam a2200385 i 4500 | ||
|---|---|---|---|
| 001 | 4823 | ||
| 003 | KOSZ 005 | ||
| 005 | 20200420080535.0 | ||
| 008 | 961010s1971 pl a f |000 0 pol | ||
| 040 |
_cKOSZ 005 _aKOSZ 005 _dKOSZ 005/AR _dKOSZ 005/HR |
||
| 041 | _apol | ||
| 044 | _apl | ||
| 046 | _k1971 | ||
| 080 | _a621.51/.54 | ||
| 080 | _a621.9.06 | ||
| 245 | 0 |
_aAlbum zalecanych konstrukcji elementów pneumatyki obrabiarkowej i przyrządowej / _copracowanie: Biuro Projektowo-Technologiczne Przemysłu Obrabiarek i Narzędzi "Bipron", Zjednoczenie Przemysłu Obrabiarek i Narzędzi. |
|
| 260 |
_aWarszawa : _bWydawnictwa Przemysłu Maszynowego "Wema" _c1971. |
||
| 300 |
_a75, [1] strona, [2] strony tablic złożonych : _bilustracje, errata ; _c24 cm. |
||
| 336 |
_aTekst _btxt _2rdacontent |
||
| 337 |
_aBez urządzenia pośredniczącego _bn _2rdamedia |
||
| 338 |
_aWolumin _bnc _2rdacarrier |
||
| 380 | _aKsiążki | ||
| 380 | _aPublikacje fachowe | ||
| 388 | _a1901-2000 | ||
| 388 | _a1945-1989 | ||
| 650 | _aPneumatyka | ||
| 650 | _aUrządzenia | ||
| 650 | _aObrabiarka | ||
| 658 | _aInżynieria i technika | ||
| 710 | 2 |
_4pbl _aWydawnictwa Przemysłu Maszynowego "Wema" |
|
| 710 | 2 | _aBiuro Projektowo-Technologiczne Przemysłu Obrabiarek i Narzędzi "Bipron" | |
| 710 | 2 | _aZjednoczenie Przemysłu Obrabiarek i Narzędzi | |
| 856 |
_uhttp://koha.tu.koszalin.pl/cgi-bin/koha/opac-detail.pl?biblionumber=4823 _yKatalog online BPK |
||
| 942 |
_cKS _2UKD |
||
| 999 |
_c4823 _d4823 |
||